000
00263nam a2200097Ia 4500
001
767353
005
20250826165358.0
008
250824s9999 xx 000 0 und d
245
0
_a
BAY UZUN KUYRUK VE PERİLER DİYARI
_c
ERHAN ŞİBİK
260
_b
KAYALIPARK YAYINLARI
999
_c
767353
_d
767353